Statistics for Daily Country Riddle #62

Click here to take the quiz!

General Stats

  • This quiz has been taken 111 times
  • The average score is 12 of 15

Answer Stats

TypeAnswer% Correct
Found LetterA
99%
Found LetterN
99%
Found LetterI
98%
Found LetterE
95%
Correctly Placed LetterA
92%
Correctly Placed LetterI
91%
Correctly Placed LetterN
87%
Found LetterO
85%
Found LetterS
73%
Found LetterT
73%
Correctly Placed LetterO
65%
Correctly Placed LetterE
62%
Mystery CountryEstonia
62%
Correctly Placed LetterS
62%
Correctly Placed LetterT
62%

Score Distribution

Percentile by Number Answered

Percent of People with Each Score

Your Score History

You have not taken this quiz